000 00790nam a2200265Ia 4500
003 OSt
005 20220925232755.0
006 a|||||r|||| 00| 0
007 ta
008 220923b |||||||| |||| 00| 0 eng d
020 _a0 521 55081 5
037 _cGeneral Book
040 _aRTL
_cRTL
_beng
041 _2eng
_aeng
082 _aY:(D6,9(B), N6
100 _aBogard William
_9297726
245 0 _aSimulation of surveillance
_b Hyper-control in telematic societies
260 _aNew York
_bCambridge University Press
_c1996
300 _aix,207p.
_ccm.
490 _aCambriidge Cultural Social Studies
500 _aBibiliography P 195-202
650 _aSociometry
942 _hY:(D6,9(B), N6
_cGB
_2CC
999 _c592125
_d592125